| 000 | 00910cam a2200253 4500 | ||
|---|---|---|---|
| 005 | 20230228133810.0 | ||
| 008 | 160111b mx ||||| |||| 00| 0 spa d | ||
| 020 | _a968859377X | ||
| 050 | 0 | 4 |
_aHN8 _bC47 1999 |
| 100 | 1 |
_aCerteau, Michel de, _d[1925-1986 ] |
|
| 240 | _aL'invention du quotidien : Tome II: Habiter, cuisiner | ||
| 245 | 1 | 3 |
_aLa invención de lo cotidiano / _cMichel de Certeau ; traducción de Alejandro Pescador. |
| 250 | _a1a ed. | ||
| 260 |
_aMéxico : _bUniversidad Iberoamericana, Departamento de Historia, _bInstituto Tecnológico y de Estudios Superiores de Occidente, _c1999 |
||
| 300 |
_av. ; _c23 cm. |
||
| 490 | 0 | _aEl oficio de la historia | |
| 504 | _aIncluye índice | ||
| 505 | _tV.2 Habitar, cocinar | ||
| 650 | 7 |
_2LEMB _aHistoria social |
|
| 700 | 1 |
_aPescador, Alejandro, _etr. |
|
| 700 | 1 |
_aGiard,Luce, _eautor |
|
| 700 | 1 |
_aMayol,Pierre, _eautor |
|
| 942 |
_2lcc _cLIB |
||
| 999 |
_c166385 _d166383 |
||